ETHICAL THEORY AN ANTHOLOGY BLACKWELL PH (Record no. 18116)

MARC details
000 -LEADER
fixed length control field 00320nam a2200121Ia 4500
008 - FIXED-LENGTH DATA ELEMENTS--GENERAL INFORMATION
fixed length control field 240624s9999 xx 000 0 und d
041 ## - LANGUAGE CODE
Language code of text/sound track or separate title eng
082 ## - DEWEY DECIMAL CLASSIFICATION NUMBER
Classification number 170 LAN
100 ## - MAIN ENTRY--PERSONAL NAME
Personal name SHAFER LANDAU RUSSELL
245 ## - TITLE STATEMENT
Title ETHICAL THEORY AN ANTHOLOGY BLACKWELL PH
260 ## - PUBLICATION, DISTRIBUTION, ETC.
Date of publication, distribution, etc. 2007
Place of publication, distribution, etc. Victoria
Name of publisher, distributor, etc. WIley-Blackwell
300 ## - PHYSICAL DESCRIPTION
Extent 816 : p.
Holdings
Withdrawn status Lost status Damaged status Not for loan Home library Current library Shelving location Date acquired Full call number Barcode Date last seen Price effective from Koha item type
        IMTN IMTN Rack 1-B 10/17/2011 170 LAN 18116 06/24/2024 06/24/2024 Books
Designed & Maintained by: LRC IMT Nagpur Contact: lrc@imtnag.ac.in© 2024. All Rights Reserved.